[Event "17eme open Louviers"]
[Site "?"]
[Date "2013.11.10"]
[Round "3"]
[White "Saint-Gilles, Damien"]
[Black "Jolly, Hugo"]
[Result "1/2-1/2"]
[WhiteElo "1756"]
[BlackElo "1550"]
[PlyCount "149"]
[EventDate "2012.05.13"]
[SourceDate "2013.11.29"]

1. d4 d5 2. Nf3 Nc6 3. Nbd2 Nf6 4. e3 Bf5 5. c3 a6 6. Be2 e6 7. a4 Bd6 8. Qb3
Na5 9. Qd1 O-O 10. Nh4 Bg6 11. Nxg6 fxg6 12. Bf3 b5 13. e4 dxe4 14. Nxe4 Nxe4
15. Bxe4 c6 16. Qg4 Qf6 17. O-O Nb3 18. Bg5 Qf7 19. Rad1 Rac8 20. axb5 cxb5 21.
Bh4 Bc7 22. Bg3 Bxg3 23. Qxg3 Qe7 24. Qe5 Na5 25. Bd5 Rce8 26. Rde1 Rf6 27. Re2
Qd7 28. Rfe1 Nc6 29. Bxc6 Qxc6 30. d5 Qc5 31. dxe6 Qxe5 32. Rxe5 Kf8 33. R5e4
Ke7 34. f3 Rd8 35. Kf2 Rd6 36. Rh4 h6 37. b3 Rfxe6 38. Rxe6+ Kxe6 39. c4 bxc4
40. Rxc4 Ke5 41. h4 Rb6 {(=)} 42. b4 Kd5 43. Rg4 Ke5 44. Re4+ Kf5 45. g4+ Kf6
46. Ke3 g5 47. hxg5+ Kxg5 48. Kd3 g6 49. Kc4 h5 50. gxh5 gxh5 51. Re5+ Kf4 52.
Rxh5 Kxf3 53. Rd5 Ke4 54. Rd8 Rc6+ {(=)} 55. Kb3 Rb6 56. Ka4 Ke5 57. Rd7 Ke6
58. Rd8 Ke5 59. Rd1 Ke4 60. Rc1 Kd4 61. Rc5 Kd3 62. Ka5 Rh6 63. Rc8 Kd4 64. Ra8
Kc4 65. Ka4 Rh1 66. Rc8+ Kd4 67. Rc6 Ra1+ 68. Kb3 Rb1+ 69. Ka3 Ra1+ 70. Kb2 Ra4
71. Kb3 Ra1 72. Rd6+ Ke5 73. Rd7 Rb1+ 74. Ka2 Rxb4 75. Ka3 1/2-1/2

[Event "17eme open Louviers"]
[Site "?"]
[Date "2013.11.10"]
[Round "3"]
[White "Ababsa, Tufek"]
[Black "Varigault, Nicole"]
[Result "1-0"]
[WhiteElo "1722"]
[BlackElo "1150"]
[PlyCount "139"]
[EventDate "2012.05.13"]
[SourceDate "2013.11.29"]

1. e4 e5 2. d4 Bd6 3. Nf3 Nc6 4. Bc4 f6 5. a3 Nge7 6. dxe5 Nxe5 7. Nxe5 Bxe5 8.
c3 c6 9. f4 b5 10. Ba2 Bc7 11. Be3 d5 12. Nd2 Bb6 13. Qe2 Bxe3 14. Qxe3 Be6 15.
exd5 Bxd5 16. Bxd5 Qxd5 17. O-O O-O 18. Qxe7 Qxd2 19. Qe6+ Kh8 20. Rf2 Qd5 21.
Qxd5 cxd5 22. Rd2 Rad8 23. Rad1 Kg8 24. Rxd5 Rxd5 25. Rxd5 a6 26. Kf2 Kf7 27.
Rd6 Ra8 28. Rb6 Kg6 29. g4 h6 30. h4 Rd8 31. Ke2 Re8+ 32. Kd2 Re4 33. h5+ Kh7
34. Rd6 Rxf4 35. Rd4 Rf2+ 36. Kc1 Rf1+ 37. Kc2 a5 38. a4 Rf2+ 39. Kb3 bxa4+ 40.
Rxa4 f5 41. gxf5 Rxf5 42. Rh4 Rb5+ 43. Kc2 g6 44. hxg6+ Kxg6 45. Rh2 a4 46. c4
Rc5 47. Kc3 Rc7 48. Kb4 Ra7 49. c5 h5 50. c6 Kg5 51. Kc5 Kg4 52. Kb6 Rf7 53. c7
Rf8 54. Kb7 h4 55. c8=Q+ Rxc8 56. Kxc8 Kg3 57. Rc2 h3 58. Kb7 h2 59. Rxh2 Kxh2
60. Kb6 Kg2 61. Kb5 Kf3 62. Kxa4 Ke4 63. Ka5 Kd5 64. b4 Kc6 65. Ka6 Kc7 66. b5
Kb8 67. Kb6 Ka8 68. Kc7 Ka7 69. b6+ Ka6 70. b7 1-0

[Event "17eme open Louviers"]
[Site "?"]
[Date "2013.11.10"]
[Round "3"]
[White "Roche, Jan-Francois"]
[Black "Laumesfeld, Laurent"]
[Result "1/2-1/2"]
[WhiteElo "1587"]
[BlackElo "1699"]
[PlyCount "85"]
[EventDate "2012.05.13"]
[SourceDate "2013.11.29"]

1. Nf3 Nf6 2. b3 e6 3. Bb2 Be7 4. e3 O-O 5. c4 c5 6. Be2 Nc6 7. O-O b6 8. Nc3
Bb7 9. d4 cxd4 10. exd4 d5 11. cxd5 Nxd5 12. Nxd5 exd5 13. Rc1 Bf6 14. Bb5 Qd6
15. Re1 Rac8 16. Qd2 h6 17. Ne5 a6 18. Bd3 b5 19. a3 Ne7 20. Rxc8 Rxc8 21. Qe2
Qc7 22. Qh5 Bxe5 23. Qxe5 Qxe5 24. Rxe5 Kf8 25. a4 bxa4 26. Ba3 Rc7 27. bxa4 f6
28. Re1 Kf7 29. Kf1 Nc6 30. Bc5 Na5 31. Bc2 Nc6 32. Bf5 Bc8 33. Bd6 Bxf5 34.
Bxc7 Bd3+ 35. Kg1 Nxd4 36. f3 Bc2 37. a5 Nc6 38. Kf2 d4 39. Ke2 d3+ 40. Kd2 Nb4
41. Rd1 Ke6 42. Bb6 Nc6 43. Rc1 1/2-1/2

[Event "17eme open Louviers"]
[Site "?"]
[Date "2013.11.10"]
[Round "3"]
[White "Jolly, Arthur"]
[Black "Blondel, Jean-Michel"]
[Result "1/2-1/2"]
[WhiteElo "1526"]
[BlackElo "1515"]
[PlyCount "95"]
[EventDate "2012.05.13"]
[SourceDate "2013.11.30"]

1. c4 d5 2. cxd5 Qxd5 3. Nc3 Qa5 4. g3 Nf6 5. Bg2 e6 6. e3 Bd6 7. Nge2 O-O 8.
O-O c6 9. a3 Nbd7 10. b4 Bxb4 11. Bb2 Be7 12. Nd4 Nd5 13. Nb3 Qd8 14. Qg4 Bf6
15. Rab1 Ne5 16. Qe2 Nb6 17. Ne4 Ned7 18. Nxf6+ Nxf6 19. Qf3 Nc4 20. Bxf6 Qxf6
21. Qxf6 gxf6 22. a4 Rd8 23. d4 e5 24. Rfc1 Nb6 25. a5 Nd5 26. dxe5 fxe5 27.
Rd1 Bd7 28. Bxd5 cxd5 29. Rxd5 Bf5 30. Rbd1 Rxd5 31. Rxd5 Be6 32. Rb5 Bxb3 33.
Rxb3 Rb8 34. Rb5 f6 35. Rd5 Kf7 36. Rd7+ Kg6 37. a6 bxa6 38. Rxa7 Rb6 39. Kg2
e4 40. Kh3 h6 41. Kg4 Rb2 42. Rxa6 Rxf2 43. h4 h5+ 44. Kh3 Rf3 45. Ra3 Kf5 46.
Ra5+ Kg6 47. Ra3 Kf5 48. Ra5+ 1/2-1/2

[Event "17eme open Louviers"]
[Site "?"]
[Date "2013.11.10"]
[Round "3"]
[White "Lerdu, Gaspard"]
[Black "Pineau, Patrick"]
[Result "1-0"]
[WhiteElo "1500"]
[BlackElo "1405"]
[PlyCount "89"]
[EventDate "2012.05.13"]
[SourceDate "2013.11.30"]

1. e4 c5 2. Nc3 d6 3. Nf3 Nf6 4. d4 cxd4 5. Nxd4 Nc6 6. Bb5 Bd7 7. Nxc6 Bxc6 8.
Bxc6+ bxc6 9. e5 dxe5 10. Qxd8+ Rxd8 11. Bg5 g6 12. O-O Bg7 13. Rfe1 Nd5 14.
Ne4 f6 15. Bd2 O-O 16. c4 Nc7 17. Be3 a6 18. Bb6 Rc8 19. Nc5 Na8 20. Ba5 f5 21.
Ne6 Rf6 22. Rxe5 Rf7 23. Nxg7 Kxg7 24. Rae1 Re8 25. Bc3 Kg8 26. Bb4 Nb6 27. c5
Nc4 28. R5e2 a5 29. Rc1 axb4 30. Rxc4 Rb8 31. Re6 b3 32. a3 Rd8 33. g3 Rd1+ 34.
Kg2 Rd2 35. Rxc6 Rxb2 36. Rb4 e5 37. Rc8+ Kg7 38. Rcb8 e4 39. Rxb3 Rc2 40. Rc8
Rd7 41. a4 Rdd2 42. Kh3 Rxf2 43. Kh4 Rxh2+ 44. Kg5 Rcf2 45. Rb7# 1-0

[Event "17eme open Louviers"]
[Site "?"]
[Date "2013.11.10"]
[Round "3"]
[White "Normand, Franck"]
[Black "Bekkaye, Mohammed"]
[Result "1-0"]
[WhiteElo "1410"]
[BlackElo "1499"]
[PlyCount "53"]
[EventDate "2012.05.13"]
[SourceDate "2013.11.30"]

1. e4 e6 2. d4 d5 3. e5 c5 4. c3 Nc6 5. Nf3 Qb6 6. Na3 Bd7 7. Nc2 cxd4 8. Ncxd4
Be7 9. Bb5 f6 10. Bxc6 Bxc6 11. O-O Bd7 12. Qe2 a6 13. Be3 Qc7 14. Bf4 fxe5 15.
Bxe5 Bd6 16. Bxg7 O-O-O 17. Bxh8 Re8 18. Be5 Nh6 19. Bxd6 Qxd6 20. Qe5 Qe7 21.
h3 Rg8 22. Rac1 Nf7 23. Qh2 e5 24. Rfe1 e4 25. c4 Kd8 26. cxd5 Ng5 27. Qb8+ 1-0

[Event "17eme open Louviers"]
[Site "?"]
[Date "2013.11.10"]
[Round "3"]
[White "Grenet, Dominique"]
[Black "Marie, Isabelle"]
[Result "1-0"]
[WhiteElo "1480"]
[BlackElo "1200"]
[PlyCount "79"]
[EventDate "2012.05.13"]
[SourceDate "2013.11.30"]

1. e4 e5 2. Nf3 Nc6 3. d4 exd4 4. Nxd4 Nxd4 5. Qxd4 c5 6. Qc3 Nf6 7. Bd3 d6 8.
Bg5 h6 9. Bh4 g5 10. Bg3 Rg8 11. Nd2 Nh5 12. O-O-O Bd7 13. Bc4 b5 14. Bd5 Rb8
15. Qf3 Qf6 16. Qxh5 Be6 17. Qf3 Qg6 18. Rhe1 Kd7 19. Bxe6+ fxe6 20. e5 g4 21.
Qf4 d5 22. Qe3 d4 23. Qa3 Rb7 24. Qa6 Kc7 25. Qa3 c4 26. Qa5+ Kd7 27. Ne4 Kc8
28. Rxd4 Rd7 29. Rxd7 Kxd7 30. Qxb5+ Kc8 31. Qxc4+ Kb8 32. Kb1 Be7 33. a4 Rc8
34. Qb3+ Ka8 35. f3 Rb8 36. Qc4 Qe8 37. Bf2 Rc8 38. Qb5 Qg6 39. Qd7 Qe8 40.
Qxa7# 1-0

[Event "17eme open Louviers"]
[Site "?"]
[Date "2013.11.10"]
[Round "3"]
[White "Colin-Chen, Christine"]
[Black "Bailly, Thierry"]
[Result "0-1"]
[WhiteElo "1370"]
[BlackElo "1445"]
[PlyCount "110"]
[EventDate "2012.05.13"]
[SourceDate "2013.11.30"]

1. e4 e5 2. Nf3 d6 3. d4 exd4 4. Nxd4 Nf6 5. Nc3 c6 6. Bd3 Nbd7 7. O-O Ne5 8.
Bg5 Qb6 9. Nf5 Bxf5 10. exf5 Be7 11. Bxf6 Bxf6 12. Ne4 O-O-O 13. Rb1 h5 14.
Nxf6 gxf6 15. h4 Rh7 16. g3 Rg8 17. Kg2 Qd4 18. Be2 Qe4+ 19. Bf3 Nxf3 20. Qxf3
Qxh4 21. Rh1 Qg4 22. Rbe1 Qxf3+ 23. Kxf3 Rg5 24. Kf4 Rg4+ 25. Kf3 Rc4 26. c3
Rc5 27. Kf4 Kd7 28. Re4 Rb5 29. Re2 Rc5 30. g4 Rc4+ 31. Re4 Rxe4+ 32. Kxe4 h4
33. Kf3 d5 34. Kg2 Kd6 35. f4 c5 36. Kh3 d4 37. c4 a6 38. g5 fxg5 39. fxg5 Ke5
40. Kg4 h3 41. Re1+ Kd6 42. g6 Rg7 43. Kxh3 fxg6 44. Re6+ Kd7 45. Rxg6 Rxg6 46.
fxg6 Ke7 47. Kg3 Kf6 48. g7 Kxg7 49. Kf3 Kf6 50. Ke4 Ke6 51. a4 Kd6 52. a5 Kc6
53. b3 b6 54. b4 cxb4 55. Kxd4 bxa5 0-1

[Event "17eme open Louviers"]
[Site "?"]
[Date "2013.11.10"]
[Round "3"]
[White "Bailly, Yannick"]
[Black "Voegele, Francois-Marie"]
[Result "1-0"]
[WhiteElo "1440"]
[BlackElo "1090"]
[PlyCount "57"]
[EventDate "2012.05.13"]
[SourceDate "2013.11.30"]

1. d4 e6 2. c4 c5 3. e3 d5 4. Nf3 Nf6 5. Bd3 Be7 6. Nbd2 O-O 7. O-O Nc6 8. a3
Bd7 9. Qc2 Rc8 10. b3 Re8 11. Bb2 b6 12. Ne5 Rf8 13. Ndf3 Rc7 14. Ng5 g6 15.
Qe2 Be8 16. f4 Qc8 17. Rac1 Nd8 18. Qf3 Kg7 19. Ng4 Rh8 20. dxc5 bxc5 21. cxd5
Rd7 22. Bc4 Rg8 23. Rcd1 Qb7 24. Ne5 Rc7 25. d6 Bxd6 26. Rxd6 Qc8 27. Ng4 Re7
28. Bxf6+ Kf8 29. Nxh7# 1-0

[Event "17eme open Louviers"]
[Site "?"]
[Date "2013.11.10"]
[Round "4"]
[White "Guliyev, Namig"]
[Black "Kirszenberg, Marc"]
[Result "1-0"]
[WhiteElo "2563"]
[BlackElo "2201"]
[PlyCount "87"]
[EventDate "2012.05.13"]
[SourceDate "2013.11.30"]

1. e4 c6 2. d4 d5 3. Nc3 dxe4 4. Nxe4 Nf6 5. Nxf6+ gxf6 6. c3 Qd5 7. Ne2 e5 8.
Be3 h5 9. Qb3 Qxb3 10. axb3 a6 11. f4 Bh6 12. Kf2 Be6 13. dxe5 fxe5 14. fxe5
Bxe3+ 15. Kxe3 Nd7 16. Nd4 Nxe5 17. Nxe6 fxe6 18. Be2 Ke7 19. Ra5 Ng4+ 20. Bxg4
hxg4 21. Rg5 Rhg8 22. Rxg8 Rxg8 23. Kf4 Kf6 24. Re1 Rh8 25. Kg3 e5 26. Re4 Kf5
27. Rxg4 Rxh2 28. Rg7 Rh1 29. Rxb7 Rb1 30. Rb6 Rxb2 31. b4 Rb3 32. Rxc6 Ke4 33.
Kh2 Kf4 34. Rf6+ Kg4 35. Rxa6 Rxc3 {(=)} 36. Rg6+ Kf4 37. Rf6+ Kg4 38. Rf3 Rc8
39. b5 e4 40. Rb3 Kf4 41. b6 e3 42. Rb4+ Kf5 43. b7 Rh8+ 44. Kg3 1-0

[Event "17eme open Louviers"]
[Site "?"]
[Date "2013.11.10"]
[Round "4"]
[White "Andrieu, Philippe"]
[Black "Tirard, Hugo"]
[Result "0-1"]
[WhiteElo "1891"]
[BlackElo "2416"]
[PlyCount "74"]
[EventDate "2012.05.13"]
[SourceDate "2013.11.30"]

1. c4 Nf6 2. Nf3 g6 3. Nc3 d6 4. g3 Bg7 5. Bg2 O-O 6. O-O Nc6 7. a3 Nh5 8. Qc2
f5 9. e3 e5 10. d3 f4 11. Nd5 g5 12. Ne1 g4 13. Be4 f3 14. d4 Nf6 15. Nxf6+
Rxf6 16. Bxc6 bxc6 17. e4 exd4 18. Bg5 Qe8 19. Bxf6 Bxf6 20. Rd1 c5 21. Qd3 Bb7
22. Qd2 Bxe4 23. Qf4 Qg6 24. h3 h5 25. Nd3 Bg5 26. Ne5 dxe5 27. Qxe5 Qf5 28.
Qxc7 d3 29. h4 Bd8 30. Qd6 Bf6 31. Rfe1 Rd8 32. Qa6 d2 33. Re3 Bc2 34. Re6 Kf7
35. Rc6 Bxd1 36. Qxa7+ Qd7 37. Rc7 Ba4 0-1

[Event "17eme open Louviers"]
[Site "?"]
[Date "2013.11.10"]
[Round "4"]
[White "Chalmeton, Guillaume"]
[Black "Khudovekov, Stanislav"]
[Result "0-1"]
[WhiteElo "2050"]
[BlackElo "2023"]
[PlyCount "92"]
[EventDate "2012.05.13"]
[SourceDate "2013.11.30"]

1. e4 g6 2. d4 Bg7 3. Nc3 d6 4. h3 a6 5. Nf3 b5 6. Bg5 Nd7 7. e5 dxe5 8. dxe5
Nxe5 9. Qxd8+ Kxd8 10. Nxe5 Bxe5 11. O-O-O+ Ke8 12. f4 Bxc3 13. bxc3 Be6 14.
Kb2 Rd8 15. Be2 Rxd1 16. Rxd1 f6 17. Bh4 Nh6 18. g4 Nf7 19. a4 Nd6 20. axb5
axb5 21. Ra1 Bd5 22. Ra7 Kd7 23. Bf2 Ra8 24. Rxa8 Bxa8 25. Kb3 Bd5+ 26. Kb4 c6
27. h4 e5 28. fxe5 fxe5 29. Be3 Bc4 30. Bf3 e4 31. Bd1 Nb7 32. h5 Kd6 33. hxg6
hxg6 34. g5 c5+ 35. Ka3 Ke5 36. Bg4 Be6 37. Be2 Bd7 38. Bf1 Kd5 39. c4+ bxc4
40. Kb2 Nd6 41. Kc3 Nb5+ 42. Kb2 Be6 43. c3 Bg4 44. Bf4 Nd6 45. Bxd6 Kxd6 46.
Bxc4 Ke5 0-1

[Event "17eme open Louviers"]
[Site "?"]
[Date "2013.11.10"]
[Round "4"]
[White "Garcia, Adrien"]
[Black "Duverne, Jean-Marie"]
[Result "1-0"]
[WhiteElo "1785"]
[BlackElo "2102"]
[PlyCount "71"]
[EventDate "2012.05.13"]
[SourceDate "2013.11.30"]

1. Nf3 Nf6 2. d3 g6 3. g3 Bg7 4. Bg2 O-O 5. O-O d6 6. c3 c6 7. Qc2 e5 8. e4 h6
9. b3 a5 10. a4 Be6 11. d4 Nbd7 12. Ba3 c5 13. dxc5 dxc5 14. Rd1 Qb6 15. c4
Rfd8 16. Nc3 Bg4 17. Nb5 Bxf3 18. Rd6 Qxd6 19. Nxd6 Bxg2 20. Kxg2 b6 21. Rd1
Nf8 22. Bb2 N6d7 23. Qe2 Ra7 24. Nb5 Rb7 25. Qf3 Rbb8 26. Nc7 Rbc8 27. Nd5 Ne6
28. Ne7+ Kf8 29. Nxc8 Nd4 30. Bxd4 exd4 31. Na7 Ne5 32. Qe2 h5 33. f4 d3 34.
fxe5 dxe2 35. Rxd8+ Ke7 36. Nc6+ 1-0

[Event "17eme open Louviers"]
[Site "?"]
[Date "2013.11.10"]
[Round "4"]
[White "Boursier, Xavier"]
[Black "Vigneron, Frederic"]
[Result "1/2-1/2"]
[WhiteElo "2019"]
[BlackElo "1910"]
[PlyCount "50"]
[EventDate "2012.05.13"]
[SourceDate "2013.11.30"]

1. e4 d6 2. d4 Nf6 3. Nc3 c6 4. g3 g6 5. Bg2 Bg7 6. Nge2 O-O 7. O-O e5 8. dxe5
dxe5 9. Qxd8 Rxd8 10. h3 Na6 11. a3 Nc5 12. Be3 Ne6 13. Rfd1 Rxd1+ 14. Rxd1 b6
15. f4 Bh6 16. Kf2 exf4 17. gxf4 Bb7 18. f5 Bxe3+ 19. Kxe3 Ng7 20. fxg6 hxg6
21. Rd6 Nge8 22. Rd2 Ng7 23. Rd6 Nge8 24. Rd2 Ng7 25. Rd6 Nge8 1/2-1/2

[Event "17eme open Louviers"]
[Site "?"]
[Date "2013.11.10"]
[Round "4"]
[White "Josse, Sebastien"]
[Black "Abdat, Rachid"]
[Result "1-0"]
[WhiteElo "1784"]
[BlackElo "1926"]
[PlyCount "77"]
[EventDate "2012.05.13"]
[SourceDate "2013.11.30"]

1. d4 e6 2. c4 Nf6 3. Nf3 d5 4. Nc3 Bb4 5. Bg5 Bxc3+ 6. bxc3 c6 7. Bxf6 Qxf6 8.
e3 Nd7 9. cxd5 exd5 10. Bd3 O-O 11. Qc2 h6 12. h4 c5 13. Ng5 cxd4 14. Nh7 Qd6
15. Nxf8 Nxf8 16. cxd4 Bd7 17. Rc1 Qf6 18. Be2 Re8 19. Qc5 Rc8 20. Qa3 Ra8 21.
Bf3 Bc6 22. Ke2 Bb5+ 23. Kd2 Ne6 24. Qb4 Bc6 25. Qd6 Rd8 26. Qa3 a6 27. Qb4 Bb5
28. Rc3 Rd7 29. Rc8+ Kh7 30. Qb1+ g6 31. Qb4 Bc4 32. a4 a5 33. Qb6 Qf5 34. Qb1
Qf6 {(=)} 35. Qb2 Nd8 36. h5 g5 37. Ke1 Qa6 38. Be2 b6 39. Rb8 1-0

[Event "17eme open Louviers"]
[Site "?"]
[Date "2013.11.10"]
[Round "4"]
[White "Blondel, Jerome"]
[Black "Ababsa, Tufek"]
[Result "1-0"]
[WhiteElo "1924"]
[BlackElo "1722"]
[PlyCount "49"]
[EventDate "2012.05.13"]
[SourceDate "2013.11.30"]

1. d4 e6 2. Bf4 Nf6 3. e3 b6 4. Be2 Bb7 5. Bf3 d5 6. c4 Bb4+ 7. Nc3 Ne4 8. Nge2
Nd7 9. O-O a6 10. cxd5 exd5 11. Rc1 Rc8 12. Ng3 Bxc3 13. bxc3 Ndf6 14. c4 g6
15. cxd5 Nxg3 16. Bxg3 Nxd5 17. e4 Ne7 18. Bg4 f5 19. exf5 gxf5 20. Bxf5 Qd5
21. Bh3 O-O 22. Qg4+ Kf7 23. Qf4+ Kg8 24. Qe3 Kf7 25. Rfe1 1-0

[Event "17eme open Louviers"]
[Site "?"]
[Date "2013.11.10"]
[Round "4"]
[White "Dunand, Damien"]
[Black "Bordelet, Arthur"]
[Result "1/2-1/2"]
[WhiteElo "1725"]
[BlackElo "1690"]
[PlyCount "73"]
[EventDate "2012.05.13"]
[SourceDate "2013.11.30"]

1. c4 d6 2. g3 Nf6 3. Bg2 Nbd7 4. e3 e5 5. Ne2 Be7 6. Nbc3 c6 7. d4 O-O 8. O-O
Qc7 9. Qb3 Re8 10. d5 Bf8 11. e4 cxd5 12. Nxd5 Nxd5 13. cxd5 Nf6 14. Qc3 Qxc3
15. Nxc3 Bd7 16. Re1 Rac8 17. f4 exf4 18. Bxf4 Nh5 19. e5 dxe5 20. Bxe5 g6 21.
Bd4 b6 22. Re5 Re7 23. Rae1 Rce8 24. Rxe7 Rxe7 25. Rxe7 Bxe7 26. Be5 Bc5+ 27.
Kf1 Ng7 28. Bxg7 Kxg7 29. Ne4 f5 30. Nxc5 bxc5 31. Ke2 Kf6 32. Kd3 Ke5 33. Kc4
Kd6 34. Bf3 h5 35. b3 a6 36. a4 Be8 37. h4 1/2-1/2

[Event "17eme open Louviers"]
[Site "?"]
[Date "2013.11.10"]
[Round "4"]
[White "Burdet, Francois"]
[Black "Roche, Jan-Francois"]
[Result "1-0"]
[WhiteElo "1952"]
[BlackElo "1587"]
[PlyCount "93"]
[EventDate "2012.05.13"]
[SourceDate "2013.11.30"]

1. e4 Nf6 2. e5 Nd5 3. d4 d6 4. c4 Nb6 5. f4 dxe5 6. fxe5 Bf5 7. Nc3 Nc6 8. Be3
e6 9. Nf3 Be7 10. Be2 O-O 11. O-O f6 12. d5 Nxe5 13. Bxb6 Nxf3+ 14. Bxf3 axb6
15. dxe6 Bxe6 16. Qe2 Bc5+ 17. Kh1 Qc8 18. Bxb7 Qxb7 19. Qxe6+ Kh8 20. Rad1
Rae8 21. Qg4 Bd6 22. Nb5 Qc6 23. Nxd6 cxd6 24. Rd5 Re5 25. Rxe5 dxe5 26. Rd1 f5
27. Qxf5 Qf6 28. Qxf6 gxf6 29. Rd7 f5 30. Kg1 Kg8 31. Kf2 Rf7 32. Rd6 Rb7 33.
Rf6 f4 34. Re6 b5 35. c5 Rd7 36. Rxe5 Rd2+ 37. Re2 Rd5 38. Rc2 Rd7 39. c6 Rc7
40. Kf3 Kf7 41. Kxf4 Kf6 42. g4 h6 43. h4 Ke6 44. g5 hxg5+ 45. hxg5 Rf7+ 46.
Ke4 Kd6 47. g6 1-0

[Event "17eme open Louviers"]
[Site "?"]
[Date "2013.11.10"]
[Round "4"]
[White "Jolly, Hugo"]
[Black "Guillaumat, Jean-Pierre"]
[Result "0-1"]
[WhiteElo "1550"]
[BlackElo "1838"]
[PlyCount "68"]
[EventDate "2012.05.13"]
[SourceDate "2013.11.30"]

1. c4 c5 2. g3 Nc6 3. Bg2 Nf6 4. Nc3 e6 5. e3 d5 6. cxd5 exd5 7. d4 cxd4 8.
exd4 Be7 9. Nf3 O-O 10. O-O h6 11. Bf4 Be6 12. Qc2 Rc8 13. a3 Na5 14. Rad1 b5
15. b4 Ne4 16. Rc1 Rxc3 17. Qe2 Rxc1 18. Rxc1 Nc4 19. Ra1 a6 20. Nd2 Nexd2 21.
Bxd2 Bf6 22. Be3 Qd7 23. Qf3 Bg5 24. Bxg5 hxg5 25. Qe2 g4 26. Qc2 Bf5 27. Qb3
Re8 28. a4 Be4 29. Bf1 Nd2 30. Qc3 Nf3+ 31. Kh1 Rc8 32. Qe3 Nxd4+ 33. Bg2 Bxg2+
34. Kxg2 Nc2 0-1

[Event "17eme open Louviers"]
[Site "?"]
[Date "2013.11.10"]
[Round "4"]
[White "Rousselin, Marc"]
[Black "Saint-Gilles, Damien"]
[Result "1-0"]
[WhiteElo "1628"]
[BlackElo "1756"]
[PlyCount "63"]
[EventDate "2012.05.13"]
[SourceDate "2013.11.30"]

1. e4 d6 2. d4 Nf6 3. Nc3 Nbd7 4. Nf3 e5 5. Bc4 c6 6. a4 Be7 7. O-O O-O 8. Re1
Qc7 9. h3 exd4 10. Nxd4 Re8 11. Bg5 Ne5 12. Bb3 h6 13. Be3 Bf8 14. f4 Ng6 15.
Qd3 Bd7 16. e5 dxe5 17. Qxg6 exd4 18. Qxf7+ Kh8 19. Bxd4 Qxf4 20. Bxf6 Bc5+ 21.
Kh1 gxf6 22. Qxd7 Rf8 23. Qg4 Qc7 24. Rad1 f5 25. Qg6 Qg7 26. Qxg7+ Kxg7 27.
Rd7+ Kf6 28. Re6+ Kg5 29. Rg7+ Kh5 30. Ne2 Rh8 31. Nf4+ Kh4 32. g3# 1-0

[Event "17eme open Louviers"]
[Site "?"]
[Date "2013.11.10"]
[Round "4"]
[White "Laumesfeld, Laurent"]
[Black "Jolly, Arthur"]
[Result "1-0"]
[WhiteElo "1699"]
[BlackElo "1526"]
[PlyCount "53"]
[EventDate "2012.05.13"]
[SourceDate "2013.11.30"]

1. e4 c5 2. c3 Nc6 3. d4 cxd4 4. cxd4 g6 5. Nf3 Bg7 6. Bc4 e6 7. Bg5 Qb6 8. Bb3
Nxd4 9. Be3 Qb4+ 10. Bd2 Nxf3+ 11. Qxf3 Qc5 12. Nc3 Nf6 13. O-O O-O 14. Rac1
Qh5 15. Qg3 Rd8 16. Rfe1 Qg4 17. Qc7 Re8 18. e5 Nh5 19. Re4 Qf5 20. Bd1 Bxe5
21. Qxe5 Qxe5 22. Rxe5 Nf6 23. Nb5 Rd8 24. Nd6 Rb8 25. Rec5 Ne8 26. Nxc8 a6 27.
Nb6 1-0

[Event "17eme open Louviers"]
[Site "?"]
[Date "2013.11.10"]
[Round "4"]
[White "Arinal, Serge"]
[Black "Julien, Franck"]
[Result "1/2-1/2"]
[WhiteElo "1666"]
[BlackElo "1678"]
[PlyCount "65"]
[EventDate "2012.05.13"]
[SourceDate "2013.11.30"]

1. Nf3 Nf6 2. c4 c5 3. g3 Nc6 4. Bg2 e6 5. Nc3 d6 6. O-O Be7 7. Ng5 O-O 8. Nge4
Rb8 9. d3 a6 10. Nxf6+ Bxf6 11. Ne4 Be7 12. a3 Bd7 13. Rb1 f5 14. Nd2 Ne5 15.
Nf3 Bc6 16. Nxe5 Bxg2 17. Kxg2 dxe5 18. Bd2 Bf6 19. b4 cxb4 20. Bxb4 Rf7 21.
Qd2 Be7 22. Qb2 Bxb4 23. axb4 Qc7 24. b5 Rff8 25. b6 Qc5 26. e3 Rbd8 27. Rfd1
Rd6 28. Qb4 Qc6+ 29. Kg1 Rfd8 30. Rb3 Qd7 31. Qa5 e4 32. d4 Qc6 33. c5 1/2-1/2

[Event "17eme open Louviers"]
[Site "?"]
[Date "2013.11.10"]
[Round "4"]
[White "Grenet, Dominique"]
[Black "Naji, Nil"]
[Result "0-1"]
[WhiteElo "1480"]
[BlackElo "1650"]
[PlyCount "126"]
[EventDate "2012.05.13"]
[SourceDate "2013.11.30"]

1. e4 d6 2. Nc3 e5 3. d3 Be7 4. Nf3 Nd7 5. Be3 Ngf6 6. Be2 c6 7. d4 exd4 8.
Bxd4 c5 9. Bxf6 Nxf6 10. O-O a6 11. Re1 O-O 12. a3 Qc7 13. Bd3 c4 14. Be2 b5
15. Nd5 Nxd5 16. exd5 Bf6 17. c3 Bb7 18. Qd2 Rfe8 19. Rad1 Re7 20. h3 Rae8 21.
Nh2 g6 22. Bf3 Qc5 23. Kf1 Rxe1+ 24. Rxe1 Rxe1+ 25. Kxe1 a5 26. Ng4 Bg7 27. Qe3
Qxe3+ 28. fxe3 b4 29. axb4 axb4 30. Kd2 f5 31. Nf2 bxc3+ 32. bxc3 Kf7 33. g4
Kf6 34. gxf5 Kxf5 35. Be2 Bxd5 36. e4+ Bxe4 37. Bxc4 d5 38. Bf1 h5 39. Nd1 Ke5
40. Nf2 Bh6+ 41. Kd1 Bf3+ 42. Kc2 g5 43. c4 g4 44. hxg4 hxg4 45. c5 g3 46. Nh3
Bg4 47. Bg2 Be3 48. c6 Bxh3 49. Bxh3 Kd6 50. Kd3 Bf2 51. Ke2 Kxc6 52. Kf3 Kc5
53. Bf1 Kd4 54. Ke2 Kc3 55. Kd1 d4 56. Bg2 Kd3 57. Bf1+ Ke3 58. Bg2 d3 59. Bh1
d2 60. Bg2 Be1 61. Bh3 Kf2 62. Kc2 g2 63. Bxg2 Kxg2 0-1

[Event "17eme open Louviers"]
[Site "?"]
[Date "2013.11.10"]
[Round "4"]
[White "Bailly, Thierry"]
[Black "Le Gallic, Yann"]
[Result "1/2-1/2"]
[WhiteElo "1445"]
[BlackElo "1619"]
[PlyCount "58"]
[EventDate "2012.05.13"]
[SourceDate "2013.11.30"]

1. e4 e5 2. Nf3 Nc6 3. Bc4 Nf6 4. d3 Be7 5. Be3 O-O 6. c3 Ng4 7. Qe2 d6 8. h3
Nxe3 9. Qxe3 Na5 10. Bb3 Nxb3 11. axb3 b6 12. Nbd2 f5 13. Nf1 f4 14. Qe2 Be6
15. Qc2 Bf6 16. N1d2 Qd7 17. Nh2 a5 18. Nc4 d5 19. Nd2 dxe4 20. dxe4 Rfd8 21.
Rd1 Qc6 22. O-O Qe8 23. Ndf3 Qg6 24. Kh1 Qf7 25. c4 Rd7 26. Rxd7 Qxd7 27. Rd1
Qc6 28. Qc3 Qc5 29. Kg1 Re8 1/2-1/2

[Event "17eme open Louviers"]
[Site "?"]
[Date "2013.11.10"]
[Round "4"]
[White "Langlet, Stephanie"]
[Black "Bailly, Yannick"]
[Result "1-0"]
[WhiteElo "1590"]
[BlackElo "1440"]
[PlyCount "85"]
[EventDate "2012.05.13"]
[SourceDate "2013.11.30"]

1. e4 c5 2. c3 Nc6 3. d4 cxd4 4. cxd4 e6 5. Nf3 g6 6. Bf4 Bg7 7. Nc3 Qb6 8. Nb5
Nge7 9. Nc7+ Kf8 10. Nxa8 Qxb2 11. Be2 Nxd4 12. Nxd4 Qc3+ 13. Bd2 Qxd4 14. Bf3
Qxa1 15. Qxa1 Bxa1 16. O-O Be5 17. Rc1 Nc6 18. Bc3 Bxc3 19. Rxc3 Kg7 20. Nc7 a6
21. Na8 Rd8 22. Nb6 d6 23. h3 Bd7 24. Nc4 Be8 25. Rd3 Nb4 26. Rb3 Nxa2 27. Rxb7
Bc6 28. Rb6 d5 29. Rxc6 dxc4 30. Rxc4 Rb8 31. Ra4 Nb4 32. Be2 Rb6 33. f3 Kf8
34. Kf2 Ke7 35. Ke3 Kd6 36. f4 Kc5 37. Ra5+ Kc6 38. Kd4 Kb7 39. Kc5 Nc2 40.
Bxa6+ Rxa6 41. Rxa6 Kxa6 42. Kd6 Ne1 43. g4 1-0

[Event "17eme open Louviers"]
[Site "?"]
[Date "2013.11.10"]
[Round "4"]
[White "Varigault, Nicole"]
[Black "Lerdu, Gaspard"]
[Result "0-1"]
[WhiteElo "1150"]
[BlackElo "1500"]
[PlyCount "88"]
[EventDate "2012.05.13"]
[SourceDate "2013.11.30"]

1. e4 e5 2. Nf3 Nc6 3. Be2 Bc5 4. O-O Nf6 5. d3 O-O 6. Nc3 d6 7. Na4 Bb6 8.
Nxb6 axb6 9. a3 Bg4 10. Bg5 h6 11. Bh4 Bxf3 12. Bxf3 Ne7 13. Bxf6 gxf6 14. Bh5
Ng6 15. Qg4 Kg7 16. f4 Kh7 17. f5 Rg8 18. Qf3 Nh4 19. Bg6+ fxg6 20. fxg6+ Rxg6
21. Qh3 Nxg2 22. Qf5 Nh4+ 23. Kh1 Nxf5 24. exf5 Rg8 25. Rf2 Qd7 26. Raf1 Qc6+
27. Rf3 Qxc2 28. R1f2 Qc1+ 29. Rf1 Qg5 30. Rg3 Qd2 31. Rg6 Qxd3 32. Rf2 Rxg6
33. fxg6+ Qxg6 34. Rg2 Qxg2+ 35. Kxg2 e4 36. Kf2 e3+ 37. Kxe3 Re8+ 38. Kd3 f5
39. b4 f4 40. Kc4 f3 41. Kb5 f2 42. Ka4 f1=Q 43. Kb3 Re3+ 44. Ka4 Qa6# 0-1